000 00419nam a22001697a 4500
003 OSt
005 20211122141507.0
008 211122b |||||||| |||| 00| 0 eng d
020 _a9788183293402
040 _cHU
082 _a179.1
100 _aKumar Arvind
_94726
245 _aEnvironmental Ethics
260 _aNew Delhi
_bSHREE PUBLISHERS & DISTRIBUTORS
_c2009
300 _aV,278 P
942 _2ddc
_cBOOKS
_n0
999 _c19509
_d19509